| 000 | 00768nac a22002171u 4500 | ||
|---|---|---|---|
| 010 | _a81008401 | ||
| 082 | 0 | 0 |
_a660.2842 _bB4711 |
| 090 |
_c1015 _d1015 |
||
| 100 | _aBennett, C. O. | ||
| 245 | 1 | 0 |
_aMomentum, heat, and mass transfer / _cC.O. Bennett, J.E. Myers. |
| 250 | _a3rd ed. | ||
| 260 |
_aNew York : _bMcGraw-Hill, _cc1982. |
||
| 300 |
_axii, 832 p. : _bill. ; _c25 cm. |
||
| 440 | 0 | _aMcGraw-Hill chemical engineering series | |
| 500 | _aIncludes index. | ||
| 650 | 0 | _aMomentum transfer. | |
| 650 | 0 | _aChemical engineering. | |
| 700 | 1 |
_aMyers, J. E. _q(John Earle), _d1923- |
|
| 942 |
_cBB _k660.2842B4711 |
||
| 999 |
_c1015 _d1015 |
||